Dump and run (Record no. 72991)
[ view plain ]
| 000 -LEADER | |
|---|---|
| fixed length control field | 01425cam a2200241 4500 |
| 001 - CONTROL NUMBER | |
| control field | X122908 |
| 008 - FIXED-LENGTH DATA ELEMENTS--GENERAL INFORMATION | |
| fixed length control field | 030702n2002 000 0 eng u |
| 035 ## - SYSTEM CONTROL NUMBER | |
| System control number | (Sirsi) u122908 |
| 100 ## - MAIN ENTRY--PERSONAL NAME | |
| Personal name | Appleby, M. |
| 245 ## - TITLE STATEMENT | |
| Title | Dump and run |
| 260 ## - PUBLICATION, DISTRIBUTION, ETC. | |
| Date of publication, distribution, etc. | 2002 |
| 490 ## - SERIES STATEMENT | |
| Series statement | RICS Rural Professional |
| Volume/sequential designation | December 2002, 32-33(2) |
| 520 ## - SUMMARY, ETC. | |
| Summary, etc. | Examines the issue of flytipping; dumping is on the increase and private landowners are having to pay out more as legislation discourages people from disposing of all sorts of material. The aim of the legislation is to reduce the amount of waste going to landfill as government implements its waste strategy. Legislation examined inclides EU directives and regulations on landfill, ozone depleting substances, end-of-life vehicles and waste electrical and electronic equipment. Also looks at what landowners can do to combat the problem of flytipping and how to deal with dumped material. RICS had published a report "Dump and run" focusing on the typical waste dumped in the countryside and its implications for landowners and managers. |
| 650 ## - SUBJECT ADDED ENTRY--TOPICAL TERM | |
| Topical term or geographic name entry element | DIRECTIVE 99/31/EC |
| 650 ## - SUBJECT ADDED ENTRY--TOPICAL TERM | |
| Topical term or geographic name entry element | DIRECTIVE 02/96/EC |
| 650 ## - SUBJECT ADDED ENTRY--TOPICAL TERM | |
| Topical term or geographic name entry element | ENVIRONMENTAL PROTECTION ACT 1990 |
| 650 ## - SUBJECT ADDED ENTRY--TOPICAL TERM | |
| Topical term or geographic name entry element | FLY-TIPPING |
| 650 ## - SUBJECT ADDED ENTRY--TOPICAL TERM | |
| Topical term or geographic name entry element | WASTE COLLECTION |
| 650 ## - SUBJECT ADDED ENTRY--TOPICAL TERM | |
| Topical term or geographic name entry element | WASTE ELECTRICAL AND ELECTRONIC EQUIPMENT REGULATIONS |
| 650 ## - SUBJECT ADDED ENTRY--TOPICAL TERM | |
| Topical term or geographic name entry element | WASTE STRATEGY |
| 690 ## - LOCAL SUBJECT ADDED ENTRY--TOPICAL TERM (OCLC, RLIN) | |
| Topical term or geographic name as entry element | ENVIRONMENTAL AND LAND CONSULTANCY-WASTE MANAGEMENT |
| 942 ## - ADDED ENTRY ELEMENTS (KOHA) | |
| Suppress in OPAC | 0 |
| Withdrawn status | Lost status | Source of classification or shelving scheme | Damaged status | Not for loan | Home library | Current library | Shelving location | Date acquired | Total Checkouts | Full call number | Barcode | Date last seen | Copy number | Price effective from | Koha item type |
|---|---|---|---|---|---|---|---|---|---|---|---|---|---|---|---|
| Dewey Decimal Classification | London | London | Journal article | 02/07/2003 | X122908 | 122908-1001 | 06/08/2019 | 1 | 06/08/2019 | Journal article |